Detalles MARC
| 000 -LIDER |
| fixed length control field |
03376nam a2200265 a 4500 |
| 001 - NÚMERO DE CONTROL |
| Identificador de número de control |
|
| 003 - IDENTIFICACDOR DE NÚMERO DE CONTROL |
| control field |
DO-SdBNP |
| 005 - DATE AND TIME OF LATEST TRANSACTION |
| control field |
20210723101837.0 |
| 008 - ELEMENTOS DE LONGITUD FIJA |
| fixed length control field |
181112s2016 dr 000 0 spa d |
| 020 ## - ISBN |
| International Standard Book Number |
9789945167610 |
| 040 ## - FUENTE DE CATALOGACIÓN |
| Agencia que crea de manera original el registro |
BPMSU |
| Idioma de catalogación |
spa |
| Agencia que realiza la transcripción |
BPMSU |
| 082 ## - NÚMERO DE CLASIFICACIÓN DECIMAL DE DEWEY |
| Classification number |
972.93 |
| Item number |
V985v 2016 |
| Edition number |
22 |
| 100 1# - ASIENTO PRINCIPAL -- NOMBRE PERSONAL |
| Nombre personal |
Vásquez Henríquez, Erasmo, |
| Fechas asociadas con el nombre |
1948- |
| 245 10 - MENCIÓN DE TITULO |
| Título |
Visión moderna : |
| Subtítulo |
historia dominicana / |
| Mención de responsabilidad |
Erasmo Vásquez Henríquez. |
| 260 ## - PUBLICACIÓN, DISTRIBUCIÓN, ETC. (PIE DE IMPRENTA) |
| Lugar de publicación, distribución, etc |
La Vega, República Dominicana : |
| Nombre del editor, distribuidor, etc. |
Búho, |
| Fecha de publicación, distribución, etc |
2016. |
| 300 ## - DESCRIPCIÓN FÍSICA |
| Extensión |
669 p. ; |
| Dimensiones |
23 cm. |
| 500 ## - NOTA GENERAL |
| Nota general |
Incluye datos biográficos del autor en las solapas |
| 504 ## - NOTA DE BIBLIOGRAFÍA, ETC. |
| Bibliography, etc |
Bibliografía : p. 667-669 |
| 505 0# - NOTA DE CONTENIDO |
| Texto normalizado de contenido |
Prefacio como acto de fe del autor -- De la España Musulmana a la redención cristiana (711-1492) -- Colón : osadía y visión científica sobre los mares y océanos (1451-1506) -- Indios y Antillas en la Prehistoria americana -- Del descubrimiento a la resistencia indígena en La Española (1492-1520) -- Enriquillo entrega militar que inmortalizó el orgullo de su raza (1520-1533) -- Vicisitudes de La Espoñola -- España arrodilla a los pies de Francia la parte Oeste de la isla Española (1697) -- España arrodilla a los pies de Francia la isla entera de La Española (1795) -- Los haitianos vencen la esclavitud y se declaran independientes (1804)-- Juan Sánchez Ramiréz rescata el destino hispánico y emerge como el primer caudillo dominicano (1808-1821) hasta -- El suño que significó la llamada Independencia Efímera (1821-1844) -- La aventurera ocupación haitina y el nacimiento de la patria amada (1822-1844) -- La humillante anexión a España (1861-1863) -- La patria todavía vive en la Guerra Restauradora (1863-1865) -- Entre la Restauración Dominicana y el fin del Siglo XIX (1865-1899) -- Cae Lilís y lustros después, llegarón los yankis <br/> a la República Dominicana (1899-1924) -- Cae la democracia con Horacio Vásquez y se levanta la dictadura de Trujillo (1930-1961) -- De la presidencia de Bosch a la segunda ocupación yankis (1962-1965) -- El gobierno de sangre de los 12 años del Dr. Joaquín Balaguer (1966-1978) -- Don Antonio Guzmán Fernández se juaramenta Presidente de la República, y al construir su periodo, toma la infausta decisión de suicidarse (1978-1986)<br/>-- El Dr. Salvador Jorge Blanco gobierna durante cuatro años (1982-1986), pero en su contra se instrumenta un juicio históricamente controversial -- El Dr. Joaquín Balaguer es resucitado políticamente, gana las elecciones presidenciales de 1986, golpea juridicamente a Jorge Blanco y gobierna por 10 años más a República Dominicana (1986-1996) -- En su crespúsculo político Balaguer lleva al PLD y a Leonel Fernández al Palacion Nacional, provocando una recomposición en el cuadro pólítico dominicano (1996-200) -- Gobierno de Hipólito Mejía : brillos y turbulencias de su gestión (2000-2004) -- Leonel Fernández vuelve al poder gobierna por 8 años, y establece las bases concretas para una nueva oligarquía en la República Dominicana (2004-2012) --Danilo Medina : elegido Presidente de la República con el apoyo del Caudillo Leonel Fernández, de la tercera oligarquía y disponiendo de los fondos públicos (2012-2016).<br/><br/> |
| 590 ## - NOTA LOCAL |
| Texto de la nota local |
Inventariado, 2021/VM |
| 650 ## - ENCABEZAMIENTO DE MATERIA--TEMÁTICO |
| Término temático o nombre geográfico como elemento de entrada |
|
| 651 #4 - ENCABEZAMIENTO DE MATERIA--NOMBRE GEOGRÁFICO |
| Nombre geográfico |
República Dominicana |
| Subdivisión temática general |
Historia |
| Subdivisión cronológica |
1492 - 2016 |
| 910 ## - VALIDACIÓN |
| Validación |
VMateo V |
| 942 ## - ADDED ENTRY ELEMENTS (KOHA) |
| Source of classification or shelving scheme |
Dewey Decimal Classification |
| Koha item type |
Libros |